Music Quiz

Random Music or Lyrics Quiz

Robert Smith's Calendar Quiz Stats

Quiz Updated Mar 9, 2015

Challenge
Share
Tweet
Score 0/27 Timer 04:00
0 Plays Today
% Correct
I'm
in
Love!
94.9%
I'm
in
Love!
94.9%
I'm
in
Love!
94.9%
I'm
in
Love!
94.9%
I'm
in
Love!
94.8%
Break My Heart
70%
Don't Care
62.1%
Fall Apart
57.5%
Blue
56.8%
Doesn't
Even Start
56.8%
Gray, too
55.5%
Gray
52.7%
Wait
51.8%
Wait
51.8%
% Correct
Wait
51.8%
Wait
51.8%
Wait
51.8%
Too Late
49.7%
Too Late
49.7%
Too Late
49.7%
Too Late
49.6%
Heart Attack
45.6%
Black
42.6%
Stay in Bed
38.5%
Never
Looking
Back
37.2%
Watch
the
Walls
32.5%
Hold
Your Head
27.5%

You're not logged in!

Compare scores with friends on all Sporcle quizzes.
Join for Free
OR
Log In

You Might Also Like...

Show Comments

Extras

Top Quizzes Today


Score Distribution

Your Account Isn't Verified!

In order to create a playlist on Sporcle, you need to verify the email address you used during registration. Go to your Sporcle Settings to finish the process.

Report this User

Report this user for behavior that violates our Community Guidelines.

Details: